Questions on the Metaphysics of Aristotle / Volume 2, Books Six-Nine Books Six-Nine Volume 2,
| Clasificación: | Libro Electrónico |
|---|---|
| Autor principal: | |
| Autor Corporativo: | |
| Otros Autores: | , |
| Formato: | Electrónico eBook |
| Idioma: | Inglés Latín |
| Publicado: |
St. Bonaventure, N.Y. :
Franciscan Institute Publications, St. Bonaventure University,
1998
|
| Colección: | Franciscan Institute publications. Text series ;
no. 19. Book collections on Project MUSE. |
| Temas: | |
| Acceso en línea: | Texto completo |
MARC
| LEADER | 00000cam a22000004a 4500 | ||
|---|---|---|---|
| 001 | musev2_14079 | ||
| 003 | MdBmJHUP | ||
| 005 | 20230905041540.0 | ||
| 006 | m o d | ||
| 007 | cr||||||||nn|n | ||
| 008 | 120608r20121998nyu o 00 0 eng d | ||
| 020 | |a 9781576592656 | ||
| 020 | |z 1576591611 | ||
| 020 | |z 9781576591611 | ||
| 020 | |z 1576592650 | ||
| 035 | |a (OCoLC)821725596 | ||
| 040 | |a MdBmJHUP |c MdBmJHUP | ||
| 041 | 1 | |a eng |h lat | |
| 050 | 4 | |a B765.D73 |b Q84713 1997eb vol. 2 | |
| 100 | 1 | |a Duns Scotus, John, |d ca. 1266-1308. | |
| 240 | 1 | 0 | |a Quaestiones super libros Metaphysicorum Aristotelis. |l English |
| 245 | 1 | 0 | |a Questions on the Metaphysics of Aristotle / |n Volume 2, |p Books Six-Nine |c by John Duns Scotus ; translated by Girard J. Etzkorn and Allan B. Wolter. |p Books Six-Nine |n Volume 2, |
| 264 | 1 | |a St. Bonaventure, N.Y. : |b Franciscan Institute Publications, St. Bonaventure University, |c 1998 | |
| 264 | 3 | |a Baltimore, Md. : |b Project MUSE, |c 2012 | |
| 264 | 4 | |c ©1998 | |
| 300 | |a 1 online resource (644 pages): |b digital file. | ||
| 336 | |a text |b txt |2 rdacontent | ||
| 337 | |a computer |b c |2 rdamedia | ||
| 338 | |a online resource |b cr |2 rdacarrier | ||
| 490 | 0 | |a Franciscan Institute publications. Text series ; |v no. 19 | |
| 500 | |a Issued as part of book collections on Project MUSE. | ||
| 504 | |a Includes bibliographical references. | ||
| 506 | |a Access restricted to authorized users and institutions. | ||
| 588 | |a Description based on print version record. | ||
| 600 | 0 | 0 | |a Aristotle. |t Metaphysics. |
| 600 | 1 | 0 | |a Duns Scotus, John, |d ca. 1266-1308 |x Philosophy. |
| 650 | 0 | |a Philosophy |v Early works to 1800. | |
| 650 | 0 | |a Metaphysics |v Early works to 1800. | |
| 650 | 0 | |a Philosophy, Medieval |v Sources. | |
| 655 | 7 | |a Electronic books. |2 local | |
| 700 | 1 | |a Wolter, Allan Bernard, |d 1913- | |
| 700 | 1 | |a Etzkorn, Girard J. | |
| 710 | 2 | |a Project Muse. | |
| 776 | 1 | 8 | |i Print version: |z 1576591611 |z 9781576591611 |
| 710 | 2 | |a Project Muse. |e distributor | |
| 830 | 0 | |a Franciscan Institute publications. |p Text series ; |v no. 19. | |
| 830 | 0 | |a Book collections on Project MUSE. | |
| 856 | 4 | 0 | |z Texto completo |u https://projectmuse.uam.elogim.com/book/14079/ |
| 945 | |a Project MUSE - Custom Collection | ||
| 945 | |a Project MUSE - Archive Complete Foundation | ||
| 945 | |a Project MUSE - Archive Philosophy and Religion Foundation | ||


